000 00428cam a2200193 4500
001 D7787
008 090401t1983 xxu||||| |||| 00| 0 eng d
035 _a(Sirsi) u9389
041 _aeng
050 _a339.41
100 _aPearce, D.W.
245 _aCost benefit analysis
250 _a2nd
260 _aLondon
_bMacMillan Press
_c1983
300 _ax. 112p. 22cm
350 _a2.95
942 _n0
948 _c04/03/1997
999 _c86632
_d86632